[Event "2.Open B Città di Padova Elo <1900"]
[Site "Padova Caffè Pedrocchi"]
[Date "1999.12.11"]
[Round "1.8"]
[White "Zotti, Enrico"]
[Black "Broccardo, Nicola"]
[Result "1-0"]
[WhiteElo "1839"]
[BlackElo "1579"]
[Annotator "Gabriele Ballarin"]
[PlyCount "100"]
[EventDate "1999.12.11"]
[EventType "swiss"]
[EventRounds "6"]
[EventCountry "ITA"]
[SourceTitle "Ballarin Gabriele"]
[Source "Ballarin Gabrie"]
[SourceDate "2001.01.01"]
[SourceVersion "1"]
[SourceVersionDate "2001.01.01"]
[SourceQuality "1"]

1. e4 d6 2. d4 Nf6 3. Nc3 g6 4. Nf3 Bg7 5. Bd3 Bg4 6. h3 Bxf3 7. Qxf3 O-O 8. Ne2 c5 9. c3 Nc6 10. O-O Nd7 11. dxc5 Nce5 12. Qg3 Nxd3 13. Qxd3 Nxc5 14. Qc2 Qc7 15. Be3 Rac8 16. a4 Qc6 17. f3 a6 18. Rfd1 Ne6 19. a5 Qb5 20. Rd5 Qd7 21. b4 Nc7 22. Rd3 Nb5 23. Qb3 Qe6 24. Qxe6 fxe6 25. Rc1 Rc4 26. Nd4 Nxd4 27. Bxd4 Bh6 28. Rb1 Rfc8 29. Rb3 Bf4 30. Kf2 Kf7 31. g3 e5 32. Be3 Bxe3+ 33. Kxe3 Ke6 34. Kd2 R8c6 35. Rd5 Rc8 36. Kc2 g5 37. Kb2 Rf8 38. Rd3 h5 39. g4 hxg4 40. hxg4 Rh8 41. Ka3 Rh3 42. Re3 Kd7 43. b5 Rh1 44. bxa6 bxa6 45. Rb4 Ra1+ 46. Kb2 Rxa5 47. Rxc4 d5 48. Rb4 Kc6 49. Re1 Kc5 50. Ra1 Rb5 1-0

[Event "2.Open B Città di Padova Elo <1900"]
[Site "Padova Caffè Pedrocchi"]
[Date "1999.12.11"]
[Round "1.9"]
[White "Bonetto, Giorgio"]
[Black "Maccapan, Fabio"]
[Result "0-1"]
[WhiteElo "1567"]
[BlackElo "1834"]
[Annotator "Gabriele Ballarin"]
[PlyCount "46"]
[EventDate "1999.12.11"]
[EventType "swiss"]
[EventRounds "6"]
[EventCountry "ITA"]
[SourceTitle "Ballarin Gabriele"]
[Source "Ballarin Gabrie"]
[SourceDate "2001.01.01"]
[SourceVersion "1"]
[SourceVersionDate "2001.01.01"]
[SourceQuality "1"]

1. e4 d6 2. d4 Nf6 3. Nc3 g6 4. f4 Bg7 5. Nf3 O-O 6. Be3 c6 7. Bd3 Na6 8. e5 Ng4 9. Bg1 Nb4 10. Be2 dxe5 11. fxe5 Bf5 12. Rc1 Bh6 13. Nd2 Ne3 14. Bxe3 Bxe3 15. a3 Nd5 16. Bf3 Nxc3 17. bxc3 Qa5 18. Rb1 Qxc3 19. Rxb7 Rab8 20. Rb3 Rxb3 21. cxb3 Bxd4 22. g4 Bc2 23. Qc1 Qe3+ 0-1

[Event "2.Open B Città di Padova Elo <1900"]
[Site "Padova Caffè Pedrocchi"]
[Date "1999.12.11"]
[Round "1.10"]
[White "Di Cataldo, Cesare"]
[Black "Stiz, Massimiliano"]
[Result "1-0"]
[WhiteElo "1803"]
[BlackElo "1567"]
[Annotator "Gabriele Ballarin"]
[PlyCount "37"]
[EventDate "1999.12.11"]
[EventType "swiss"]
[EventRounds "6"]
[EventCountry "ITA"]
[SourceTitle "Ballarin Gabriele"]
[Source "Ballarin Gabrie"]
[SourceDate "2001.01.01"]
[SourceVersion "1"]
[SourceVersionDate "2001.01.01"]
[SourceQuality "1"]

1. d4 d5 2. c4 c6 3. Nc3 Nf6 4. Nf3 dxc4 5. a4 Bf5 6. Ne5 Nbd7 7. Nxc4 e6 8. g3 Bb4 9. Bg2 Ne4 10. O-O Nxc3 11. bxc3 Bxc3 12. Nd6+ Kf8 13. Ba3 Kg8 14. Rc1 Ba5 15. Nxb7 Qg5 16. Nxa5 h5 17. Nxc6 Rd8 18. h4 Qf6 19. e4 1-0

[Event "2.Open B Città di Padova Elo <1900"]
[Site "Padova Caffè Pedrocchi"]
[Date "1999.12.11"]
[Round "1.11"]
[White "Salata, Alessio"]
[Black "Gennari, Leone"]
[Result "0-1"]
[WhiteElo "1558"]
[BlackElo "1777"]
[Annotator "Gabriele Ballarin"]
[PlyCount "142"]
[EventDate "1999.12.11"]
[EventType "swiss"]
[EventRounds "6"]
[EventCountry "ITA"]
[SourceTitle "Ballarin Gabriele"]
[Source "Ballarin Gabrie"]
[SourceDate "2001.01.01"]
[SourceVersion "1"]
[SourceVersionDate "2001.01.01"]
[SourceQuality "1"]

1. d4 Nf6 2. Nf3 g6 3. e3 Bg7 4. c3 O-O 5. Nbd2 d5 6. Bd3 b6 7. O-O Ba6 8. Bxa6 Nxa6 9. Qe2 Nb8 10. b3 Nbd7 11. Ba3 c5 12. Rac1 Re8 13. Rfd1 Qc7 14. c4 e6 15. Bb2 Qb7 16. a3 Rac8 17. Ne1 Ne4 18. Nxe4 dxe4 19. f3 exf3 20. Nxf3 Red8 21. Rd3 Nf6 22. Rcd1 Qc7 23. e4 Rd7 24. e5 Ne8 25. d5 Rcd8 26. d6 Qc6 27. Ng5 a6 28. Rf3 h6 29. Ne4 a5 30. Rdf1 Qb7 31. h4 Ra8 32. g4 a4 33. bxa4 Rxa4 34. h5 g5 35. Nc3 Ra5 36. Rh3 Qc6 37. Bc1 Nxd6 38. exd6 Bxc3 39. Rxc3 Qxd6 40. Qf2 Qd4 41. Qxd4 Rxd4 42. Rg3 Rxc4 43. Rd1 Rd4 44. Rdd3 Ra8 45. Bb2 Rd5 46. Bf6 Ra4 47. Rb3 Ra6 48. a4 c4 49. Rgc3 Rxa4 50. Rxb6 Rd1+ 51. Kf2 Ra2+ 52. Ke3 Re1+ 53. Kd4 e5+ 54. Bxe5 Rd2+ 55. Kxc4 Rxe5 56. Rxh6 Re4+ 57. Kb3 Rxg4 58. Rc8+ Kg7 59. Rhc6 Rh2 60. Rd8 Rxh5 61. Rcc8 Rh3+ 62. Rc3 Rxc3+ 63. Kxc3 Re4 64. Kd3 Re6 65. Rd5 Kg6 66. Kd4 f5 67. Rd8 f4 68. Kd5 Re1 69. Rg8+ Kf5 70. Rf8+ Kg4 71. Kd4 Kg3 0-1

[Event "2.Open B Città di Padova Elo <1900"]
[Site "Padova Caffè Pedrocchi"]
[Date "1999.12.11"]
[Round "1.12"]
[White "Giancotti, Eraldo"]
[Black "De Nard, Stefano"]
[Result "0-1"]
[WhiteElo "1760"]
[BlackElo "1554"]
[Annotator "Gabriele Ballarin"]
[PlyCount "72"]
[EventDate "1999.12.11"]
[EventType "swiss"]
[EventRounds "6"]
[EventCountry "ITA"]
[SourceTitle "Ballarin Gabriele"]
[Source "Ballarin Gabrie"]
[SourceDate "2001.01.01"]
[SourceVersion "1"]
[SourceVersionDate "2001.01.01"]
[SourceQuality "1"]

1. d4 Nf6 2. Bg5 Ne4 3. h4 d5 4. Nd2 Nxg5 5. hxg5 Nc6 6. Ngf3 Bf5 7. e3 Nb4 8. Bb5+ c6 9. Ba4 e6 10. a3 Na6 11. Ne5 Qc7 12. Qe2 O-O-O 13. Bxc6 f6 14. gxf6 gxf6 15. Bb5 fxe5 16. g4 Bg6 17. Bxa6 bxa6 18. dxe5 Kb7 19. f4 Qxc2 20. Kf2 Qd3 21. Qxd3 Bxd3 22. Nb3 Rc8 23. Nd4 Bc5 24. Nxe6 Bb6 25. Rac1 Be4 26. Rhd1 h5 27. Rxc8 Kxc8 28. gxh5 Rxh5 29. Ng5 Rh2+ 30. Kg3 Rg2+ 31. Kh3 Rxb2 32. Nxe4 dxe4 33. e6 Bc5 34. Rc1 Rb5 35. Rc4 Kd8 36. a4 Ra5 0-1

[Event "2.Open B Città di Padova Elo <1900"]
[Site "Padova Caffè Pedrocchi"]
[Date "1999.12.11"]
[Round "1.13"]
[White "Quaranta, Cristiano"]
[Black "Opacic, Alexandar"]
[Result "0-1"]
[WhiteElo "1552"]
[BlackElo "1759"]
[Annotator "Gabriele Ballarin"]
[PlyCount "114"]
[EventDate "1999.12.11"]
[EventType "swiss"]
[EventRounds "6"]
[EventCountry "ITA"]
[SourceTitle "Ballarin Gabriele"]
[Source "Ballarin Gabrie"]
[SourceDate "2001.01.01"]
[SourceVersion "1"]
[SourceVersionDate "2001.01.01"]
[SourceQuality "1"]

1. e4 c5 2. d4 cxd4 3. c3 g6 4. cxd4 Bg7 5. Nf3 Nf6 6. Nc3 d6 7. Bc4 O-O 8. h3 a6 9. O-O b5 10. Bb3 Bb7 11. Re1 Nfd7 12. Bg5 Nc6 13. Qd2 Na5 14. Bd5 Bxd5 15. Nxd5 f6 16. Bh6 Nc4 17. Qc1 Bxh6 18. Qxh6 Nxb2 19. Nf4 Rf7 20. Ne6 Qc8 21. Rac1 Nc4 22. d5 Nc5 23. Nxc5 Qxc5 24. Red1 Qc8 25. Nd4 Qf8 26. Qh4 Rc8 27. Rd3 Ne5 28. Rxc8 Qxc8 29. Rg3 Kf8 30. Nc6 Ke8 31. Rc3 Nc4 32. a4 e5 33. axb5 axb5 34. Na5 Qa6 35. Nb3 Nd2 36. Rc6 Qa2 37. Nxd2 Qxd2 38. Rxd6 Qc1+ 39. Kh2 b4 40. Re6+ Kd7 41. Rxf6 Rxf6 42. Qxf6 Qf4+ 43. Qxf4 exf4 44. e5 b3 45. e6+ Kd6 46. h4 b2 47. Kh3 b1=Q 48. Kg4 Qf5+ 49. Kf3 Kxd5 50. e7 Qe4+ 51. Kg4 Qxe7 52. Kxf4 Qxh4+ 53. Ke3 g5 54. Kf3 g4+ 55. Ke2 Ke4 56. f3+ gxf3+ 57. gxf3+ Kf4 0-1

[Event "2.Open B Città di Padova Elo <1900"]
[Site "Padova Caffè Pedrocchi"]
[Date "1999.12.11"]
[Round "1.14"]
[White "Marigo, Narciso"]
[Black "Tinnirello, Mario"]
[Result "0-1"]
[WhiteElo "1735"]
[BlackElo "1552"]
[Annotator "Gabriele Ballarin"]
[PlyCount "90"]
[EventDate "1999.12.11"]
[EventType "swiss"]
[EventRounds "6"]
[EventCountry "ITA"]
[SourceTitle "Ballarin Gabriele"]
[Source "Ballarin Gabrie"]
[SourceDate "2001.01.01"]
[SourceVersion "1"]
[SourceVersionDate "2001.01.01"]
[SourceQuality "1"]

{[%evp 0,90,24,18,26,38,47,24,2,16,19,-12,-10,-67,-81,-65,-72,-75,-81,-76,-90,-90,-85,-78,-62,-55,-55,-60,-66,-82,-90,-83,-88,-83,-67,-95,-98,-88,-54,-83,-68,-62,-67,-78,-99,-99,-89,-91,-103,-103,-95,-95,-93,-125,-130,-149,-125,-181,-102,-100,-23,-228,-146,-146,-137,-162,-107,-213,-214,-232,-225,-226,-201,-238,-227,-244,-249,-258,-282,-399,-423,-442,-467,-468,-472,-458,-479,-479,-473,-492,-508,-543,-584]} 1. d4 Nf6 2. Nf3 c5 3. c3 e6 4. Bf4 cxd4 5. Nxd4 d6 6. Nb5 e5 7. Bg5 Nc6 8. e3 a6 9. N5a3 Be7 10. Nd2 O-O 11. Bd3 Be6 12. O-O h6 13. Bh4 Nd7 14. Bg3 f5 15. Qe2 Rc8 16. h3 e4 17. Bc4 d5 18. Bb3 Nde5 19. Nc2 Nd3 20. Rab1 Bd6 21. Ne1 Bxg3 22. fxg3 Nxe1 23. Rbxe1 Ne5 24. Bc2 Qg5 25. Kh2 Bd7 26. Rf4 Bb5 27. Qf2 Bd3 28. Bb3 Rcd8 29. g4 g6 30. Nf1 Bxf1 31. Rxf1 Nd3 32. Qd2 Nxf4 33. Rxf4 fxg4 34. Rxg4 Qe5+ 35. Kg1 Kg7 36. h4 Rf5 37. Qd4 Qxd4 38. cxd4 Kf6 39. a4 Rc8 40. a5 Rc1+ 41. Kh2 Rb1 42. Ba4 Rxb2 43. Be8 g5 44. Bd7 Rff2 45. hxg5+ hxg5 {Nur} 0-1

[Event "2.Open B Città di Padova Elo <1900"]
[Site "Padova Caffè Pedrocchi"]
[Date "1999.12.11"]
[Round "1.15"]
[White "Crestani, Federico"]
[Black "Pietrobon, Fabio"]
[Result "0-1"]
[WhiteElo "1522"]
[BlackElo "1732"]
[Annotator "Gabriele Ballarin"]
[PlyCount "58"]
[EventDate "1999.12.11"]
[EventType "swiss"]
[EventRounds "6"]
[EventCountry "ITA"]
[SourceTitle "Ballarin Gabriele"]
[Source "Ballarin Gabrie"]
[SourceDate "2001.01.01"]
[SourceVersion "1"]
[SourceVersionDate "2001.01.01"]
[SourceQuality "1"]

1. d4 Nf6 2. c4 g6 3. Nc3 Bg7 4. e4 d6 5. Be2 O-O 6. h3 e5 7. d5 a5 8. Be3 Na6 9. Nf3 Bd7 10. Nd2 h6 11. g4 Nh7 12. Nf3 f5 13. gxf5 gxf5 14. exf5 Bxf5 15. Rg1 Kh8 16. Qd2 Qf6 17. a3 Nc5 18. Rxg7 Kxg7 19. Qd1 Ng5 20. Nxe5 dxe5 21. Bxc5 Rf7 22. Bg4 b5 23. Be3 Kh8 24. Qe2 Bxg4 25. Qxg4 Nf3+ 26. Kd1 Rg8 27. Qh5 Rg1+ 28. Kc2 Rxa1 29. Bxh6 Qf5+ 0-1

[Event "2.Open B Città di Padova Elo <1900"]
[Site "Padova Caffè Pedrocchi"]
[Date "1999.12.11"]
[Round "1.16"]
[White "Rotoni, Matteo"]
[Black "Sanavio, Giancarlo"]
[Result "1-0"]
[WhiteElo "1732"]
[BlackElo "1522"]
[Annotator "Gabriele Ballarin"]
[PlyCount "55"]
[EventDate "1999.12.11"]
[EventType "swiss"]
[EventRounds "6"]
[EventCountry "ITA"]
[SourceTitle "Ballarin Gabriele"]
[Source "Ballarin Gabrie"]
[SourceDate "2001.01.01"]
[SourceVersion "1"]
[SourceVersionDate "2001.01.01"]
[SourceQuality "1"]

1. e4 d6 2. d4 Nf6 3. Nc3 g6 4. Be3 Bg7 5. f3 O-O 6. Qd2 Nc6 7. O-O-O d5 8. e5 Ne8 9. h4 f6 10. Bh6 fxe5 11. Bxg7 Nxg7 12. dxe5 d4 13. Bc4+ Be6 14. Bxe6+ Nxe6 15. Qe1 Rf5 16. Qg3 Nxe5 17. Ne4 Qd5 18. Kb1 Nc4 19. Qf2 Qxe4 20. g4 Qxg4 21. Qe2 Rxf3 22. Nxf3 Ne3 23. Rdg1 Qe4 24. Ne1 Rf8 25. Ng2 Rf3 26. h5 g5 27. Rh4 Rg3 28. Rxe4 1-0

[Event "2.Open B Città di Padova Elo <1900"]
[Site "Padova Caffè Pedrocchi"]
[Date "1999.12.11"]
[Round "1.17"]
[White "Moschini, Costantino"]
[Black "Zanirato, Stefano"]
[Result "0-1"]
[WhiteElo "1513"]
[BlackElo "1722"]
[Annotator "Gabriele Ballarin"]
[PlyCount "46"]
[EventDate "1999.12.11"]
[EventType "swiss"]
[EventRounds "6"]
[EventCountry "ITA"]
[SourceTitle "Ballarin Gabriele"]
[Source "Ballarin Gabrie"]
[SourceDate "2001.01.01"]
[SourceVersion "1"]
[SourceVersionDate "2001.01.01"]
[SourceQuality "1"]

1. d4 Nf6 2. Nf3 e6 3. Bg5 d5 4. e3 Nbd7 5. Nbd2 Be7 6. Bd3 h6 7. Bh4 O-O 8. c3 c5 9. O-O b6 10. Ne5 Nxe5 11. dxe5 Nd7 12. f4 Bxh4 13. Qg4 Be7 14. Rf3 f5 15. exf6 Nxf6 16. Qh3 e5 17. Bf5 Bxf5 18. Qxf5 Ne4 19. Qe6+ Kh7 20. Nxe4 dxe4 21. Rg3 Qd6 22. Qg4 Qf6 23. fxe5 Qf2+ 0-1

[Event "2.Open B Città di Padova Elo <1900"]
[Site "Padova Caffè Pedrocchi"]
[Date "1999.12.11"]
[Round "1.18"]
[White "Lain, Luigi"]
[Black "Balestra, Stefano"]
[Result "1-0"]
[WhiteElo "1717"]
[BlackElo "1500"]
[Annotator "Gabriele Ballarin"]
[PlyCount "75"]
[EventDate "1999.12.11"]
[EventType "swiss"]
[EventRounds "6"]
[EventCountry "ITA"]
[SourceTitle "Ballarin Gabriele"]
[Source "Ballarin Gabrie"]
[SourceDate "2001.01.01"]
[SourceVersion "1"]
[SourceVersionDate "2001.01.01"]
[SourceQuality "1"]

1. d4 d6 2. c4 g6 3. Nc3 Bg7 4. e4 Nf6 5. Bd3 O-O 6. Nge2 Nbd7 7. O-O e5 8. d5 Nc5 9. Bc2 a5 10. f3 Bd7 11. Be3 Qe8 12. Qd2 h5 13. b3 Nh7 14. a3 Na6 15. Rab1 Qe7 16. b4 axb4 17. axb4 f5 18. exf5 Bxf5 19. Ng3 Bxc2 20. Qxc2 Nf6 21. Qxg6 Qf7 22. Qxf7+ Kxf7 23. Nge4 Nxe4 24. Nxe4 Bf6 25. Bg5 Bxg5 26. Nxg5+ Ke7 27. Ne6 Rg8 28. Rfe1 h4 29. b5 Nc5 30. Nxc5 Ra2 31. g4 hxg3 32. Ne4 Rxh2 33. f4 Rc2 34. fxe5 dxe5 35. Rbc1 Rb2 36. Re3 Rh8 37. Rxg3 Rh7 38. Rf1 {Nur} 1-0

[Event "2.Open B Città di Padova Elo <1900"]
[Site "Padova Caffè Pedrocchi"]
[Date "1999.12.11"]
[Round "1.19"]
[White "Favale, Giuseppe"]
[Black "Castellano, Alfonso"]
[Result "0-1"]
[WhiteElo "1500"]
[BlackElo "1716"]
[Annotator "Gabriele Ballarin"]
[PlyCount "101"]
[EventDate "1999.12.11"]
[EventType "swiss"]
[EventRounds "6"]
[EventCountry "ITA"]
[SourceTitle "Ballarin Gabriele"]
[Source "Ballarin Gabrie"]
[SourceDate "2001.01.01"]
[SourceVersion "1"]
[SourceVersionDate "2001.01.01"]
[SourceQuality "1"]

1. b4 e5 2. Bb2 d6 3. e3 Nf6 4. c4 Be7 5. Nc3 Bf5 6. Be2 e4 7. Nd5 Nxd5 8. cxd5 Bf6 9. Qc2 Nd7 10. Bb5 Bxb2 11. Bxd7+ Bxd7 12. Qxb2 Qg5 13. Ne2 O-O 14. h4 Qxd5 15. Nf4 Qe5 16. Qxe5 dxe5 17. Nd5 c6 18. Nc3 f5 19. O-O Be6 20. Na4 Rad8 21. Nc5 Bc8 22. Rfd1 Rd6 23. Kf1 b6 24. Na4 Ba6+ 25. Ke1 Rh6 26. g3 g5 27. d4 exd3 28. Kd2 gxh4 29. Rh1 h3 30. Rag1 Rff6 31. Nb2 c5 32. g4 fxg4 33. Rxg4+ Rhg6 34. Rxg6+ hxg6 35. Rxh3 Rxf2+ 36. Kc1 c4 37. e4 b5 38. Nxd3 cxd3 39. Rxd3 Bb7 40. Rd8+ Rf8 41. Rd7 Rf7 42. Rd8+ Kg7 43. Re8 Kf6 44. Rb8 a6 45. Kd2 Bxe4 46. Rb6+ Kf5 47. Rxa6 g5 48. Rb6 Rb7 49. Rh6 Kf4 50. Rf6+ Bf5 51. Ra6 0-1

[Event "2.Open B Città di Padova Elo <1900"]
[Site "Padova Caffè Pedrocchi"]
[Date "1999.12.11"]
[Round "1.20"]
[White "Viaggi, Stefano"]
[Black "Giordan, Daniele"]
[Result "1-0"]
[WhiteElo "1716"]
[BlackElo "1500"]
[Annotator "Gabriele Ballarin"]
[PlyCount "67"]
[EventDate "1999.12.11"]
[EventType "swiss"]
[EventRounds "6"]
[EventCountry "ITA"]
[SourceTitle "Ballarin Gabriele"]
[Source "Ballarin Gabrie"]
[SourceDate "2001.01.01"]
[SourceVersion "1"]
[SourceVersionDate "2001.01.01"]
[SourceQuality "1"]

1. d4 Nf6 2. Bg5 Ne4 3. Bf4 e6 4. f3 Nf6 5. e4 d6 6. Bd3 Nc6 7. Be3 Be7 8. c4 O-O 9. Nc3 Nb4 10. Bb1 c5 11. Nge2 a6 12. a3 Nc6 13. O-O cxd4 14. Nxd4 Na5 15. Ba2 Qc7 16. Qe2 Nd7 17. b4 Nc6 18. Rac1 Nxd4 19. Bxd4 Nb6 20. Qf2 Nd7 21. Rfd1 Rd8 22. Kh1 Bf6 23. f4 Bxd4 24. Rxd4 Qb6 25. Qd2 Nf6 26. c5 Qc6 27. cxd6 Bd7 28. e5 Ne8 29. Nd5 Qa4 30. Nb6 Qxa3 31. Rc3 Qxc3 32. Qxc3 Rdc8 33. Nxc8 Rxc8 34. Rc4 1-0

[Event "2.Open B Città di Padova Elo <1900"]
[Site "Padova Caffè Pedrocchi"]
[Date "1999.12.11"]
[Round "1.21"]
[White "Gobbato, Paolo"]
[Black "Gamberini, Davide"]
[Result "0-1"]
[WhiteElo "1500"]
[BlackElo "1714"]
[Annotator "Gabriele Ballarin"]
[PlyCount "74"]
[EventDate "1999.12.11"]
[EventType "swiss"]
[EventRounds "6"]
[EventCountry "ITA"]
[SourceTitle "Ballarin Gabriele"]
[Source "Ballarin Gabrie"]
[SourceDate "2001.01.01"]
[SourceVersion "1"]
[SourceVersionDate "2001.01.01"]
[SourceQuality "1"]

1. d4 f5 2. c4 Nf6 3. Nc3 g6 4. Bf4 Bg7 5. e3 O-O 6. Nf3 d6 7. Bd3 Nh5 8. Bg3 Nxg3 9. fxg3 Nc6 10. O-O e5 11. Be2 e4 12. Nd2 Ne7 13. g4 Bh6 14. Nb3 Bxe3+ 15. Kh1 c6 16. d5 c5 17. gxf5 gxf5 18. Qe1 Ng6 19. Bh5 Bd4 20. Nxd4 cxd4 21. Nb5 Qf6 22. Qg3 d3 23. Rab1 Qh4 24. Qxh4 Nxh4 25. g3 Ng6 26. Nxd6 Ne5 27. Rf4 Rf6 28. Ne8 Rh6 29. g4 Ng6 30. Bxg6 hxg6 31. gxf5 gxf5 32. Rg1+ Kf7 33. Ng7 Rg6 34. Nxf5 Rxg1+ 35. Kxg1 Bxf5 36. Rxf5+ Kg6 37. Re5 d2 0-1

[Event "2.Open B Città di Padova Elo <1900"]
[Site "Padova Caffè Pedrocchi"]
[Date "1999.12.11"]
[Round "1.22"]
[White "Sinato, Fabrizio"]
[Black "Gottardo, J.Michele"]
[Result "1/2-1/2"]
[WhiteElo "1704"]
[BlackElo "1500"]
[Annotator "Gabriele Ballarin"]
[PlyCount "56"]
[EventDate "1999.12.11"]
[EventType "swiss"]
[EventRounds "6"]
[EventCountry "ITA"]
[SourceTitle "Ballarin Gabriele"]
[Source "Ballarin Gabrie"]
[SourceDate "2001.01.01"]
[SourceVersion "1"]
[SourceVersionDate "2001.01.01"]
[SourceQuality "1"]

1. e4 e5 2. Nf3 Nc6 3. Bb5 a6 4. Ba4 Nf6 5. O-O Be7 6. Re1 b5 7. Bb3 d6 8. c3 O-O 9. h3 Na5 10. Bc2 c5 11. d4 Qc7 12. Nbd2 Bd7 13. d5 c4 14. Nf1 Nb7 15. Ng3 g6 16. Bg5 Kg7 17. Qd2 Ng8 18. Rad1 Nc5 19. Bxe7 Nxe7 20. h4 Bg4 21. Qg5 Qd7 22. Qe3 Rac8 23. Rc1 Bxf3 24. Qxf3 a5 25. a3 a4 26. Qe3 h6 27. Red1 Qg4 28. h5 gxh5 1/2-1/2

[Event "2.Open B Città di Padova Elo <1900"]
[Site "Padova Caffè Pedrocchi"]
[Date "1999.12.11"]
[Round "1.23"]
[White "Lovisetto, Giampaolo"]
[Black "Todic, Simo"]
[Result "0-1"]
[WhiteElo "1500"]
[BlackElo "1699"]
[Annotator "Gabriele Ballarin"]
[PlyCount "102"]
[EventDate "1999.12.11"]
[EventType "swiss"]
[EventRounds "6"]
[EventCountry "ITA"]
[SourceTitle "Ballarin Gabriele"]
[Source "Ballarin Gabrie"]
[SourceDate "2001.01.01"]
[SourceVersion "1"]
[SourceVersionDate "2001.01.01"]
[SourceQuality "1"]

1. e4 c5 2. Nf3 d6 3. d4 cxd4 4. Nxd4 Nf6 5. Nc3 e6 6. Bb5+ Bd7 7. Bxd7+ Nbxd7 8. O-O a6 9. f3 Be7 10. Be3 O-O 11. Nce2 Rc8 12. c3 Ne5 13. Bf2 d5 14. exd5 Nxd5 15. Qd2 Nc4 16. Qc1 e5 17. Nf5 Bg5 18. f4 Bxf4 19. Nxf4 Nxf4 20. Bg3 Ne2+ 21. Kh1 Nxc1 22. Raxc1 Qg5 23. Bh4 Qxc1 24. Rxc1 Kh8 25. b3 Nd2 26. Be7 Rg8 27. Bb4 Rgd8 28. Nd6 Rxd6 29. Bxd6 Ne4 30. Bxe5 Nf2+ 31. Kg1 Nd3 32. Bxg7+ Kxg7 33. Rc2 Re8 34. g3 Re1+ 35. Kg2 Rc1 36. Re2 Rxc3 37. Re7 Rc2+ 38. Kh3 b5 39. Re3 Nc1 40. a4 bxa4 41. bxa4 Rc4 42. Re1 Nd3 43. Ra1 h5 44. Ra2 Nc5 45. a5 Ra4 46. Rd2 Rxa5 47. Rd5 Nb3 48. Rd3 Rb5 49. Rc3 a5 50. Rc4 Rb4 51. Rc5 Nxc5 0-1

[Event "2.Open B Città di Padova Elo <1900"]
[Site "Padova Caffè Pedrocchi"]
[Date "1999.12.11"]
[Round "1.24"]
[White "Ferrari, Mario"]
[Black "Marangon, Matteo"]
[Result "1-0"]
[WhiteElo "1698"]
[BlackElo "1500"]
[Annotator "Gabriele Ballarin"]
[PlyCount "59"]
[EventDate "1999.12.11"]
[EventType "swiss"]
[EventRounds "6"]
[EventCountry "ITA"]
[SourceTitle "Ballarin Gabriele"]
[Source "Ballarin Gabrie"]
[SourceDate "2001.01.01"]
[SourceVersion "1"]
[SourceVersionDate "2001.01.01"]
[SourceQuality "1"]

1. e4 c5 2. c3 d6 3. d4 cxd4 4. cxd4 g6 5. Bc4 Bg7 6. Ne2 Qc7 7. Qb3 e6 8. O-O Nf6 9. Nbc3 Nc6 10. Nb5 Qd7 11. f3 h6 12. e5 Na5 13. Qa4 Nxc4 14. Nc7+ Kd8 15. Qxd7+ Nxd7 16. Nxa8 dxe5 17. b3 Nd6 18. Be3 exd4 19. Bxd4 Bxd4+ 20. Nxd4 e5 21. Ne2 b5 22. Rac1 Bb7 23. Rfd1 Ke7 24. Nc7 Nf6 25. Nc3 Rc8 26. N3d5+ Nxd5 27. Nxd5+ Bxd5 28. Rxc8 Be6 29. Rc7+ Bd7 30. Rxa7 1-0

[Event "2.Open B Città di Padova Elo <1900"]
[Site "Padova Caffè Pedrocchi"]
[Date "1999.12.11"]
[Round "1.25"]
[White "Musiani, Carlo"]
[Black "Favero, Graziano"]
[Result "0-1"]
[WhiteElo "1500"]
[BlackElo "1696"]
[Annotator "Gabriele Ballarin"]
[PlyCount "68"]
[EventDate "1999.12.11"]
[EventType "swiss"]
[EventRounds "6"]
[EventCountry "ITA"]
[SourceTitle "Ballarin Gabriele"]
[Source "Ballarin Gabrie"]
[SourceDate "2001.01.01"]
[SourceVersion "1"]
[SourceVersionDate "2001.01.01"]
[SourceQuality "1"]

1. e4 d6 2. d4 Nf6 3. Nc3 g6 4. Bc4 Bg7 5. Nf3 O-O 6. Be3 Nc6 7. Qd2 Nxe4 8. Nxe4 d5 9. Bxd5 Qxd5 10. Nc3 Qa5 11. Bh6 Bg4 12. O-O-O b5 13. Bxg7 Kxg7 14. d5 b4 15. Ne2 Qxa2 16. c3 b3 17. Qg5 Bxf3 18. gxf3 Qa1+ 19. Kd2 Qxb2+ 20. Ke1 f6 21. Qg3 Ne5 22. f4 Nd7 23. Rg1 Qc2 24. Nd4 Qe4+ 25. Kf1 Qxd5 26. Re1 Rf7 27. Ne6+ Kh8 28. Qh3 b2 29. Rxg6 Qc4+ 30. Kg1 b1=Q 31. Rxb1 Qe4 32. f5 Qxb1+ 33. Kg2 Qe4+ 34. Kg1 Rb8 0-1

[Event "2.Open B Città di Padova Elo <1900"]
[Site "Padova Caffè Pedrocchi"]
[Date "1999.12.11"]
[Round "1.26"]
[White "Marangoni, Simone"]
[Black "Xhani, Bujar"]
[Result "1-0"]
[WhiteElo "1690"]
[BlackElo "1500"]
[Annotator "Gabriele Ballarin"]
[PlyCount "101"]
[EventDate "1999.12.11"]
[EventType "swiss"]
[EventRounds "6"]
[EventCountry "ITA"]
[SourceTitle "Ballarin Gabriele"]
[Source "Ballarin Gabrie"]
[SourceDate "2001.01.01"]
[SourceVersion "1"]
[SourceVersionDate "2001.01.01"]
[SourceQuality "1"]

{[%evp 0,80,19,12,26,-16,4,9,6,-30,-20,-12,0,-4,-13,-7,5,-1,35,-9,1,12,16,22,21,-5,-7,-11,-11,-11,-2,-25,-5,-13,3,-21,-13,-45,-27,-20,-22,-27,-11,-56,10,12,22,22,68,49,68,68,60,80,238,246,254,74,258,227,255,184,365,452,447,257,257,281,292,428,461,279,626,496,481,570,572,526,526,512,1148,1213,1269]} 1. Nf3 Nf6 2. b3 g6 3. Bb2 Bg7 4. g3 O-O 5. Bg2 d6 6. O-O e5 7. d3 h6 8. c4 Be6 9. Nfd2 Qc8 10. Nc3 Bh3 11. Nde4 Nxe4 12. Nxe4 Bxg2 13. Kxg2 f5 14. Nc3 c6 15. b4 Nd7 16. b5 Nf6 17. Kg1 Qe6 18. a4 d5 19. cxd5 cxd5 20. Qb3 Rfe8 21. Rac1 e4 22. dxe4 fxe4 23. e3 Rad8 24. Ne2 Ng4 25. Bxg7 Kxg7 26. Rc7+ Kg8 27. Rxb7 Ne5 28. Qb2 g5 29. Rxa7 Qh3 30. Nd4 Ng4 31. Nf3 Re5 32. Qxe5 Nxe5 33. Nxe5 h5 34. Nc6 Rd6 35. Rc1 h4 36. Ne7+ Kf8 37. Rc8+ Kf7 38. Nf5+ Ke6 39. Nxd6 Kxd6 40. Rc6+ Ke5 41. Re7+ Kf5 42. Ree6 Kg4 43. Rf6 hxg3 44. hxg3 Qh8 45. a5 d4 46. exd4 Qd8 47. b6 Qxd4 48. b7 Kh3 49. Rh6+ Kg4 50. b8=Q Qd1+ 51. Kh2 1-0